| 000 | 00883cam a2200277 4500 | ||
|---|---|---|---|
| 008 | 090401t1992 xxu||||| |||| 00| 0 eng d | ||
| 020 | _a1873394098 | ||
| 035 | _a(Sirsi) u47823 | ||
| 041 | _aeng | ||
| 050 | _a690.24 | ||
| 110 |
_aRobert Gordon Institute of Technology _9605 |
||
| 245 | _aStone cleaning: the nature, soiling and decay mechanisms of stone: proceedings of the International Conference held in Edinburgh, UK, 14-16 April 1992. | ||
| 260 |
_aLondon _bDonhead _c1992 |
||
| 300 | _axii,308p. : ill. ; 23cm. | ||
| 350 | _a30 | ||
| 520 | _aSponsored by Historic Scotland and Scottish Enterprise. | ||
| 650 | _aCARBONATE STONE | ||
| 650 | _aHISTORIC SCOTLAND | ||
| 650 | _aSANDSTONE | ||
| 650 | _aSCOTTISH ENTERPRISE | ||
| 650 | _aSTONE CLEANING | ||
| 690 | _aCONSERVATION | ||
| 700 |
_aWebster, Robin G.M. _xEditor |
||
| 942 | _n0 | ||
| 948 | _c04/03/1997 | ||
| 999 |
_c92213 _d92213 |
||